000 02905nab a2200253 i 4500
003 BR-BrBNA
005 20250306151602.0
008 250306b2015 bl.qr|pooa||| 00| 0 por |
040 _aBR-BrBNA
_bpor
072 _aF70
100 _aSantos-Silva, Juliana
100 _aSimon, Marcelo Fragomeni
100 _aTozzi, Ana Maria Goulart de Azevedo
245 _aRevisão taxonômica das espécies de Mimosa ser. Leiocarpae sensu lato (Leguminosae - Mimosoideae)
500 _aPublicação on-line; 40 ref.; 18 illus.; Summaries (En, Pt)
520 _a Resumo Mimosa ser. Leiocarpae, com 31 espécies distribuídas predominantemente em ambientes semiáridos da América do Sul, é a maior série de M. sect. Batocaulon. Muitas das suas espécies são mal definidas, o que é agravado pela ausência de ilustrações para maioria delas e a escassez de coleta de alguns táxons. Apresentamos a revisão taxonômica das espécies de M. ser. Leiocarpae, incluindo descrição, reavaliação nomenclatural e tipificação, delimitação dos táxons, chave de identificação e ilustrações. Foram propostas 11 novas sinonimizações, sete lectotipificação e um novo status, resultando na diminuição do número de espécies de 31 para 28. Além disso, foram complementadas as descrições originais de três espécies e registradas três novas ocorrências, sendo uma para o Brasil, uma para a Bolívia e uma para o Paraguai. Palavras-chave: jurema, lectotipificação, Mimosa sect. Batocaulon, táxon infragenérico, taxonomia. Abstract Mimosa ser. Leiocarpae, with c. 31 species found primarily in semi-arid habitats in South America, is the most speciose series of M. sect. Batocaulon. Many of the species are poorly defined, which is aggravated by the lack of illustrations for most species and the scarcity of collection of some taxa. We present a taxonomic revision of the species of M. ser. Leiocarpae, including species descriptions, a re-evaluation of nomenclature and typification, delimitations of taxa, a key to the species, and illustrations. We propose eleven synonymies, seven lectotypifications, and one new status, resulting in fewer species, a change from 31 to 28. Furthermore, we provide supplement additional material for three previous descriptions and three new geographic records, one for Brazil, one for Bolivia and one for Paraguay. Key words: jurema, lectotypification, Mimosa sect. Batocaulon, infrageneric taxa, taxonomy.
650 _aJUREMA PRETA
650 _aMIMOSA
650 _aTAXONOMIA
773 0 _0709
_9348886
_dRio de Janeiro-RJ Jardim Botanico do Rio de Janeiro 1935
_o2025-1382
_tRodriguésia (Brazil)
_x0370-6583; 2175-7860 on-line
_gv. 66(1) p. 095-154; (2015)
_wBR2024004987
856 _uhttps://www.scielo.br/j/rod/a/LvgTS6C8LGF9rkm4zjvk35f/?format=pdf&lang=pt
942 _cANA
999 _c330241
_d330241